| 000 | 00793nam1a22002411i 4500 | ||
|---|---|---|---|
| 001 | rc\3399461 | ||
| 005 | 20240921200735.0 | ||
| 035 | _a(NLR Aleph) 007545614 | ||
| 090 |
_a9790095 _c9790095 |
||
| 100 | _a20130115d1970 k||y0rusy50 ca | ||
| 101 | 0 | _arus | |
| 102 | _aRU | ||
| 105 | _aj ||||| | ||
| 200 | 1 |
_aРуководство по проектированию сейсмостойких зданий и сооружений _e[в 4-х т.] |
|
| 210 |
_aМосква _cСтройиздат _d1970 |
||
| 215 | _d22 | ||
| 606 | 1 |
_aЗдания _xСейсмостойкость _xРасчет _91156249 _3RU\NLR\AUTH\66462127 |
|
| 686 | 0 |
_aН798-01 _2rubbk |
|
| 801 | 0 |
_aRU _bNLR _gpsbo |
|
| 801 | 1 |
_aRU _bELAR _2rusmarc |
|
| 801 | 2 |
_aRU _bNLR _c20131205 _2rusmarc |
|
| 852 |
_aNLR _j70-5/3606 |
||
| 942 | _cBOOK | ||